000 00761cam a22001814a 4500
020 _a0324203977
050 0 0 _aHF1411
_b.Y34 2006
100 1 _aYarbrough, Beth V.
245 1 4 _aThe world economy :
_btrade and finance /
_cBeth V. Yarbrough, Robert M. Yarbrough.
250 _a7th ed.
260 _aMason, OH :
_bThomson/South-Western,
_cc2006.
300 _axvi, 763 p. :
500 _aA study guide and instructor's manual are available to supplement the text.
500 _aLC copy lacks access code to South-Western's Economic Applications Web site (http://econapps.swlearning.com).
_5DLC
650 _xCommercial policy ;
_xInternational finance ;
_xEconomic policy ;
_xInternational economic relations.
700 1 _aYarbrough, Robert M.
942 _2lcc
_cGEN
999 _c9601
_d9601